Inundated forest in kratie province,ព្រៃលិទឹកក្នុងខេត្តក្រចេះ. (Record no. 3537)
[ view plain ]
| 000 -LEADER | |
|---|---|
| fixed length control field | 00500nam a22001577a 4500 |
| 003 - CONTROL NUMBER IDENTIFIER | |
| control field | OSt |
| 005 - DATE AND TIME OF LATEST TRANSACTION | |
| control field | 20151117150419.0 |
| 008 - FIXED-LENGTH DATA ELEMENTS--GENERAL INFORMATION | |
| fixed length control field | 151117b xxu||||| |||| 00| 0 eng d |
| 040 ## - CATALOGING SOURCE | |
| Transcribing agency | RUA |
| 082 ## - DEWEY DECIMAL CLASSIFICATION NUMBER | |
| Classification number | FIS ជា 1992 B146 Or.1 |
| 100 ## - MAIN ENTRY--PERSONAL NAME | |
| 9 (RLIN) | 3803 |
| Personal name | ជា វណ្ណារ៉េន |
| 245 ## - TITLE STATEMENT | |
| Title | Inundated forest in kratie province,ព្រៃលិទឹកក្នុងខេត្តក្រចេះ. |
| 260 ## - PUBLICATION, DISTRIBUTION, ETC. (IMPRINT) | |
| Place of publication, distribution, etc. | Phnom Penh |
| Name of publisher, distributor, etc. | RUA |
| Date of publication, distribution, etc. | 1992 |
| 300 ## - PHYSICAL DESCRIPTION | |
| Extent | 120p. |
| Other physical details | ill. |
| Dimensions | 29cm. |
| 942 ## - ADDED ENTRY ELEMENTS (KOHA) | |
| Source of classification or shelving scheme | |
| Koha item type | FIS |
| Price effective from | Date last seen | Permanent Location | Not for loan | Date acquired | Source of classification or shelving scheme | Koha item type | Barcode | Lost status | Damaged status | Shelving location | Withdrawn status | Current Location | Full call number |
|---|---|---|---|---|---|---|---|---|---|---|---|---|---|
| 2015-11-17 | 2015-11-17 | Library Block B | 2015-11-17 | FIS | RUA036693 | B146 | Library Block B | FIS ជា 1992 B146 Or.1 | |||||
| 2015-11-17 | 2015-11-17 | Library Block B | 2015-11-17 | FIS | RUA020896 | B146 | Library Block B | FIS ជា 1992 B146 Or.2 | |||||
| 2015-11-17 | 2015-11-17 | Library Block B | 2015-11-17 | FIS | RUA020994 | B146 | Library Block B | FIS ជា 1992 B146 Or.3 | |||||
| 2015-11-17 | 2015-11-17 | Library Block B | 2015-11-17 | FIS | RUA020922 | B146 | Library Block B | FIS ជា 1992 B146 Or.4 | |||||
| 2015-11-17 | 2015-11-17 | Library Block B | 2015-11-17 | FIS | RUA020850 | B146 | Library Block B | FIS ជា 1992 B146 Or.5 | |||||
| 2015-11-17 | 2015-11-17 | Library Block B | 2015-11-17 | FIS | RUA020778 | B146 | Library Block B | FIS ជា 1992 B146 Or.6 | |||||
| 2015-11-17 | 2015-11-17 | Library Block B | 2015-11-17 | FIS | RUA020984 | B146 | Library Block B | FIS ជា 1992 B146 Or.7 | |||||
| 2015-11-17 | 2015-11-17 | Library Block B | 2015-11-17 | FIS | RUA021066 | B146 | Library Block B | FIS ជា 1992 B146 Or.8 |